[Event "Recco op 6th"]
[Site "Recco"]
[Date "2012.10.27"]
[Round "2"]
[White "Abdel Gawad, Shaban"]
[Black "Naumkin, Igor"]
[Result "0-1"]
[WhiteElo "2080"]
[BlackElo "2480"]
[PlyCount "38"]
[EventDate "2012.10.26"]
[EventType "swiss"]
[EventRounds "5"]
[EventCountry "ITA"]
[SourceTitle "EXT 2014"]
[Source "ChessBase"]
[SourceDate "2013.11.20"]
[SourceVersion "1"]
[SourceVersionDate "2013.11.20"]
[SourceQuality "1"]

1. d4 Nf6 2. Bg5 e6 3. Nd2 c5 4. e3 Nc6 5. c3 cxd4 6. exd4 Be7 7. Bd3 0-0 8. Ngf3 Nd5 9. h4 Qc7 10. Qc2 f5 11. 0-0-0 b5 12. g4 b4 13. c4 b3 14. Nxb3 Ncb4 15. Qd2 Nxd3+ 16. Qxd3 Nb4 17. Qd2 Qxc4+ 18. Qc3 Bd6 19. gxf5 Bb7 0-1

[Event "Imperia op 29th"]
[Site "Imperia"]
[Date "1987.09.10"]
[Round "5.25"]
[White "Abdel Gawad, Shaban"]
[Black "Boewig, Joachim"]
[Result "1-0"]
[WhiteElo "2007"]
[BlackElo "2000"]
[PlyCount "79"]
[EventDate "1987.09.06"]
[EventType "swiss"]
[EventRounds "8"]
[EventCountry "ITA"]
[SourceTitle "EXT 2023"]
[Source "ChessBase"]
[SourceDate "2022.10.05"]
[SourceVersion "1"]
[SourceVersionDate "2022.10.05"]
[SourceQuality "1"]

1. e4 c5 2. d4 cxd4 3. c3 dxc3 4. Nxc3 Nc6 5. Bc4 e6 6. Nf3 d6 7. 0-0 Nf6 8. Qe2 a6 9. Rd1 Qc7 10. Bf4 Be7 11. Rac1 Qb8 12. h3 Ne5 13. Nxe5 dxe5 14. Bg5 0-0 15. a4 Qc7 16. Ba2 Qa5 17. Bb1 Rd8 18. Rxd8+ Bxd8 19. Rd1 Be7 20. f4 h6 21. Bh4 exf4 22. e5 Nd5 23. Bxe7 Nxe7 24. Qd3 Nf5 25. Qd8+ Qxd8 26. Rxd8+ Kh7 27. Ne4 b5 28. Nd6 g6 29. Bxf5 gxf5 30. Rxc8 Ra7 31. axb5 axb5 32. Rb8 Kg6 33. Rxb5 f6 34. Nc4 fxe5 35. Nxe5+ Kf6 36. b4 Ra2 37. Nf3 Rb2 38. Rb6 h5 39. Nd4 Rb1+ 40. Kf2 1-0

[Event "Imperia op 29th"]
[Site "Imperia"]
[Date "1987.09.08"]
[Round "3.11"]
[White "Demetz, Rainer"]
[Black "Abdel Gawad, Shaban"]
[Result "1-0"]
[WhiteElo "1900"]
[BlackElo "2007"]
[PlyCount "49"]
[EventDate "1987.09.06"]
[EventType "swiss"]
[EventRounds "8"]
[EventCountry "ITA"]
[SourceTitle "EXT 2023"]
[Source "ChessBase"]
[SourceDate "2022.10.05"]
[SourceVersion "1"]
[SourceVersionDate "2022.10.05"]
[SourceQuality "1"]

1. d4 Nf6 2. c4 e6 3. Nc3 Bb4 4. e3 c5 5. Bd3 0-0 6. a3 Bxc3+ 7. bxc3 d5 8. cxd5 exd5 9. Ne2 c4 10. Bb1 Nc6 11. 0-0 Ne7 12. Ng3 Qa5 13. Bd2 Bd7 14. f3 Ba4 15. Qe2 Rfe8 16. e4 Ng6 17. e5 Qb6 18. Qf2 Nd7 19. f4 f6 20. e6 Ndf8 21. f5 Nxe6 22. fxg6 h6 23. Nh5 Re7 24. Bxh6 Rf8 25. Bd2 1-0